[Event "Championnat de France - Accession"]
[Site "Aix-les-Bains"]
[Date "2007.??.??"]
[Round "1.1"]
[White "Riff, Jean-Noel"]
[Black "Marie, Maxime"]
[Result "1-0"]
[WhiteElo "2460"]
[BlackElo "2226"]
[PlyCount "35"]
[EventDate "2007.??.??"]

1. e4 c5 2. Nc3 Nc6 3. Nf3 Nf6 4. Bb5 Nd4 5. e5 Nxb5 6. Nxb5 Nd5 7. Ng5 h6 8.
Nxf7 Kxf7 9. Qf3+ Ke6 10. c4 Nb6 11. d4 d5 12. dxc5 dxc4 13. cxb6 Qxb6 14. a4
a6 15. Be3 Qa5+ 16. Bd2 Qb6 17. O-O-O h5 18. Be3 1-0

[Event "Championnat de France - Accession"]
[Site "Aix-les-Bains"]
[Date "2007.??.??"]
[Round "1.2"]
[White "Fougerit, Valentin"]
[Black "Collas, Didier"]
[Result "0-1"]
[WhiteElo "2225"]
[BlackElo "2458"]
[PlyCount "44"]
[EventDate "2007.??.??"]

1. e4 c5 2. Nf3 e6 3. b3 b6 4. Bd3 Nc6 5. O-O Bb7 6. Re1 e5 7. Bc4 g6 8. Bd5
Bg7 9. d4 cxd4 10. Ba3 d6 11. Nbd2 Na5 12. Nc4 Nxc4 13. Bxc4 a6 14. Qd3 b5 15.
Bd5 Bxd5 16. exd5 Ne7 17. Qe4 a5 18. Rad1 b4 19. Bc1 h6 20. Rd2 Ra7 21. Rde2
O-O 22. g4 Qa8 0-1

[Event "Championnat de France - Accession"]
[Site "Aix-les-Bains"]
[Date "2007.??.??"]
[Round "1.3"]
[White "Cossin, Sebastien"]
[Black "Frederic, Clement"]
[Result "1-0"]
[WhiteElo "2433"]
[BlackElo "2222"]
[PlyCount "71"]
[EventDate "2007.??.??"]

1. d4 e6 2. c4 f5 3. g3 Nf6 4. Bg2 d5 5. Nf3 c6 6. O-O Bd6 7. b3 Qe7 8. Bb2 O-O
9. Qc1 b6 10. Ba3 Bb7 11. Bxd6 Qxd6 12. Qf4 Qxf4 13. gxf4 Nbd7 14. Nc3 Ne4 15.
Rfc1 h6 16. cxd5 exd5 17. e3 Rac8 18. h4 g6 19. Nxe4 fxe4 20. Bh3 Rcd8 21. Bxd7
Rxd7 22. Ne5 Rd6 23. b4 g5 24. b5 gxf4 25. bxc6 Bc8 26. Kh1 Kh7 27. Rg1 Rf5 28.
Rg4 fxe3 29. Rag1 Rf8 30. Rg7+ Kh8 31. Rf7 Rg8 32. fxe3 a6 33. Re7 Rxg1+ 34.
Kxg1 Be6 35. c7 b5 36. Rxe6 1-0

[Event "Championnat de France - Accession"]
[Site "Aix-les-Bains"]
[Date "2007.??.??"]
[Round "1.4"]
[White "Adda, Olivier"]
[Black "Benitah, Yohan"]
[Result "1/2-1/2"]
[WhiteElo "2221"]
[BlackElo "2421"]
[PlyCount "40"]
[EventDate "2007.??.??"]

1. d4 d5 2. c4 c6 3. Nc3 Nf6 4. Nf3 a6 5. c5 Nbd7 6. Bf4 Nh5 7. Bd2 g6 8. e4
dxe4 9. Nxe4 Ndf6 10. Nc3 Nd5 11. Bc4 Bg7 12. Bxd5 cxd5 13. h3 O-O 14. O-O Be6
15. Re1 h6 16. Ne5 Qc8 17. Na4 Rb8 18. Nb6 Qe8 19. a4 Kh7 20. Ra3 Nf6 1/2-1/2

[Event "Championnat de France - Accession"]
[Site "Aix-les-Bains"]
[Date "2007.??.??"]
[Round "1.5"]
[White "Olivier, Jean-Christophe"]
[Black "Bissieres, Matthieu"]
[Result "1-0"]
[WhiteElo "2403"]
[BlackElo "2221"]
[PlyCount "77"]
[EventDate "2007.??.??"]

1. e4 d6 2. d4 Nf6 3. Nc3 e5 4. Nf3 Nbd7 5. Bc4 Be7 6. O-O O-O 7. Re1 c6 8. a4
Qc7 9. a5 Rb8 10. d5 cxd5 11. Bxd5 a6 12. Nh4 Nc5 13. Nf5 Bxf5 14. exf5 Rfe8
15. g4 h6 16. Bg2 Rbd8 17. Be3 b5 18. axb6 Qxb6 19. Ra2 Qb4 20. Nd5 Nxd5 21.
Bxd5 a5 22. Bd2 Qd4 23. Bxa5 Bh4 24. Qxd4 exd4 25. Rxe8+ Rxe8 26. Kf1 d3 27.
cxd3 Nxd3 28. Bc3 Re7 29. Ra8+ Kh7 30. Rf8 h5 31. Bxf7 Nf4 32. Bd2 Re4 33. gxh5
Ra4 34. Bxf4 Rxf4 35. Kg2 Rxf2+ 36. Kh3 Bf6 37. Kg3 Bd4 38. Bg6+ Kh6 39. h4 1-0

[Event "Championnat de France - Accession"]
[Site "Aix-les-Bains"]
[Date "2007.??.??"]
[Round "1.6"]
[White "Forthofer, Robert"]
[Black "Shirazi, Kamran"]
[Result "0-1"]
[WhiteElo "2221"]
[BlackElo "2401"]
[PlyCount "66"]
[EventDate "2007.??.??"]

1. e4 c5 2. Nf3 Nf6 3. Nc3 d5 4. Bb5+ Bd7 5. Qe2 dxe4 6. Nxe4 Nxe4 7. Bxd7+
Qxd7 8. Qxe4 Nc6 9. O-O g6 10. Qc4 b6 11. Ng5 e6 12. Re1 Bg7 13. d4 Nxd4 14. c3
b5 15. Qd3 h6 16. Nxf7 Qxf7 17. cxd4 O-O 18. Re2 c4 19. Qe4 Rad8 20. Be3 Rd5
21. a4 e5 22. dxe5 Rxe5 23. Qc6 b4 24. Rd1 Re7 25. Qd6 a5 26. Red2 c3 27. bxc3
bxc3 28. Rc2 Re4 29. Qc6 Qf5 30. Rxc3 Rxe3 31. Qc4+ Kh7 32. fxe3 Bxc3 33. Qxc3
Qf2+ 0-1

[Event "Championnat de France - Accession"]
[Site "Aix-les-Bains"]
[Date "2007.??.??"]
[Round "1.7"]
[White "Rainfray, Arnaud"]
[Black "Salus, Stephane"]
[Result "1-0"]
[WhiteElo "2393"]
[BlackElo "2206"]
[PlyCount "73"]
[EventDate "2007.??.??"]

1. e4 Nf6 2. e5 Nd5 3. d4 d6 4. c4 Nb6 5. exd6 cxd6 6. Nc3 g6 7. h3 Bg7 8. Nf3
O-O 9. Be2 Nc6 10. O-O Bf5 11. Bg5 h6 12. Be3 d5 13. c5 Nc4 14. Bc1 b6 15. b3
N4a5 16. cxb6 axb6 17. Bf4 Be4 18. Nb5 Rc8 19. Qd2 g5 20. Bh2 Bxf3 21. Bxf3 e6
22. Rac1 Qd7 23. Be2 Rfd8 24. f4 Qe7 25. fxg5 hxg5 26. Kh1 f6 27. Rc3 Na7 28.
Rc7 Rd7 29. Rxc8+ Nxc8 30. Rc1 Na7 31. Nxa7 Rxa7 32. Rc8+ Bf8 33. Qc2 Kg7 34.
Bb8 Rb7 35. Bh5 f5 36. Be5+ Kh6 37. Re8 1-0

[Event "Championnat de France - Accession"]
[Site "Aix-les-Bains"]
[Date "2007.??.??"]
[Round "1.8"]
[White "Giua, Frederic"]
[Black "Bujisho, Benjamin"]
[Result "1-0"]
[WhiteElo "2204"]
[BlackElo "2384"]
[PlyCount "36"]
[EventDate "2007.??.??"]

1. Nf3 d5 2. c4 c6 3. d4 Nf6 4. Nc3 e6 5. Bg5 h6 6. Bxf6 Qxf6 7. Qb3 Nd7 8. e4
dxe4 9. Nxe4 Qf4 10. Bd3 Be7 11. O-O O-O 12. Rfe1 Re8 13. Bc2 c5 14. Qd3 f5 15.
Nc3 Nf6 16. d5 exd5 17. Nxd5 Nxd5 18. Qxd5+ Kh7 1-0

[Event "Championnat de France - Accession"]
[Site "Aix-les-Bains"]
[Date "2007.??.??"]
[Round "1.9"]
[White "Vernay, Clovis"]
[Black "Guilleux, Fabien"]
[Result "1/2-1/2"]
[WhiteElo "2381"]
[BlackElo "2203"]
[PlyCount "97"]
[EventDate "2007.??.??"]

1. d4 Nf6 2. c4 g6 3. Nc3 Bg7 4. e4 d6 5. Bd3 O-O 6. Nge2 c5 7. d5 e6 8. h3
exd5 9. exd5 Nbd7 10. f4 Ne8 11. O-O f5 12. Be3 Ndf6 13. Qc2 Nc7 14. Bf2 Bd7
15. Bh4 Qe8 16. Rae1 Qf7 17. Kh1 Rfe8 18. Ng1 Rxe1 19. Rxe1 Re8 20. Nf3 Rxe1+
21. Bxe1 Qe8 22. Bf2 b5 23. b3 b4 24. Nd1 a5 25. g3 a4 26. Kg2 Qa8 27. Ne3 axb3
28. axb3 Qa1 29. Ng5 Nfe8 30. g4 fxg4 31. hxg4 Qf6 32. Bg3 Qe7 33. Qe2 Bd4 34.
Nc2 Qxe2+ 35. Bxe2 Bg7 36. Ne4 Nf6 37. Nxf6+ Bxf6 38. g5 Be7 39. Ne3 Ne8 40.
Bg4 Bxg4 41. Nxg4 Ng7 42. Nh6+ Kf8 43. Bf2 Nf5 44. Ng4 Kg7 45. Kf3 h6 46. gxh6+
Nxh6 47. Nxh6 Kxh6 48. Ke4 Kg7 49. Be1 1/2-1/2

[Event "Championnat de France - Accession"]
[Site "Aix-les-Bains"]
[Date "2007.??.??"]
[Round "1.10"]
[White "Lagarde, Maxime"]
[Black "Letreguilly, Olivier"]
[Result "0-1"]
[WhiteElo "2200"]
[BlackElo "2360"]
[PlyCount "93"]
[EventDate "2007.??.??"]

1. e4 c5 2. Nf3 e6 3. d4 cxd4 4. Nxd4 Nc6 5. Nb5 d6 6. Bf4 e5 7. Be3 Be7 8.
N1c3 Be6 9. Nd5 Bxd5 10. exd5 Nb8 11. Nxa7 Rxa7 12. Bxa7 Qa5+ 13. c3 Qxa7 14.
Bb5+ Kf8 15. O-O Nf6 16. b4 g6 17. a4 Kg7 18. Kh1 h5 19. f4 Ng4 20. Qd2 Bf6 21.
f5 Qe3 22. Qc2 Rc8 23. Rf3 Qd4 24. fxg6 e4 25. Qb2 Qe5 26. Rg3 Rxc3 27. Rxc3
Qxc3 28. Qxc3 Bxc3 29. Rc1 Bd4 30. Rc7 Na6 31. Rxf7+ Kxg6 32. Rxb7 Nf2+ 33. Kg1
Nd3+ 34. Kf1 Naxb4 35. a5 Nxd5 36. g3 Nc5 37. Be8+ Kh6 38. Rb8 Bc3 39. Rd8 Ne3+
40. Ke2 Nf5 41. Ra8 Nb3 42. Ba4 Nxa5 43. Rc8 Be5 44. Bc2 d5 45. Rc5 Nd4+ 46.
Kd1 Nxc2 47. Rxa5 0-1

[Event "Championnat de France - Accession"]
[Site "Aix-les-Bains"]
[Date "2007.??.??"]
[Round "1.11"]
[White "Bedouin, Xavier"]
[Black "Sanchez, Nicolas"]
[Result "1-0"]
[WhiteElo "2357"]
[BlackElo "2200"]
[PlyCount "139"]
[EventDate "2007.??.??"]

1. e4 c5 2. c3 Nf6 3. e5 Nd5 4. d4 cxd4 5. cxd4 d6 6. Nf3 e6 7. Bc4 Nb6 8. Bb3
dxe5 9. Nxe5 N8d7 10. Qe2 Nf6 11. O-O Be7 12. Nc3 O-O 13. Rd1 Nbd5 14. Bg5 Bd7
15. Bxf6 Nxc3 16. bxc3 Bxf6 17. d5 exd5 18. Rxd5 Qe8 19. Rxd7 Bxe5 20. Qg4 Rd8
21. Rad1 Rxd7 22. Rxd7 Bxc3 23. g3 Ba5 24. Rxb7 Bb6 25. Qf3 h6 26. Kg2 Kh8 27.
Rxf7 Rxf7 28. Bxf7 Qf8 29. h4 Qe7 30. Bb3 Qf6 31. Qa8+ Qd8 32. Qe4 Qf8 33. f4
Bc5 34. g4 Qe7 35. Qa8+ Qf8 36. Qd5 Bb6 37. g5 Qe8 38. Bc4 Qd8 39. Qe6 Qd2+ 40.
Kf3 Qd1+ 41. Be2 Qh1+ 42. Kg4 Qb1 43. Kh5 Qh7 44. Bd3 Qg8 45. Qg6 Be3 46. Kg4
Bb6 47. Be4 Bf2 48. Bc2 Be1 49. Qd3 Ba5 50. Qe4 Bb6 51. Bd3 Bf2 52. Bc2 Bb6 53.
f5 Qd8 54. f6 Qd7+ 55. Kh5 gxf6 56. gxf6 Qf7+ 57. Kg4 Qd7+ 58. Kg3 Bd8 59. Qg6
Qd6+ 60. Kg4 Qe6+ 61. Kh5 Qe5+ 62. Bf5 Qe2+ 63. Kxh6 Qe3+ 64. Qg5 Bb6 65. Qxe3
Bxe3+ 66. Kg6 Bc5 67. Kf7 a5 68. Ke8 a4 69. f7 a3 70. Be6 1-0

[Event "Championnat de France - Accession"]
[Site "Aix-les-Bains"]
[Date "2007.??.??"]
[Round "1.12"]
[White "Heinis, Vincent"]
[Black "Chomet, Pascal"]
[Result "0-1"]
[WhiteElo "2199"]
[BlackElo "2353"]
[PlyCount "60"]
[EventDate "2007.??.??"]

1. d4 d6 2. e4 Nf6 3. f3 e5 4. d5 Be7 5. Be3 Nfd7 6. c4 Bg5 7. Bf2 h5 8. Nc3 a5
9. g3 h4 10. Bh3 Na6 11. Kf1 Nac5 12. Na4 b6 13. Kg2 O-O 14. Nc3 g6 15. Nge2
Kg7 16. Qc2 Rh8 17. f4 exf4 18. gxf4 Bxf4 19. Bd4+ Be5 20. Rhg1 Nf6 21. Bxc8
Rxc8 22. Raf1 Qd7 23. Kh1 Rce8 24. Rf3 Bxd4 25. Nxd4 Nfxe4 26. Ne6+ Rxe6 27.
dxe6 Qxe6 28. Nd5 Qe5 29. Nxc7 Ng3+ 30. Rfxg3 hxg3 0-1

[Event "Championnat de France - Accession"]
[Site "Aix-les-Bains"]
[Date "2007.??.??"]
[Round "1.13"]
[White "Saucey, Michel"]
[Black "Mandon, Fabrice"]
[Result "1/2-1/2"]
[WhiteElo "2347"]
[BlackElo "2196"]
[PlyCount "117"]
[EventDate "2007.??.??"]

1. d4 d5 2. Nf3 Nf6 3. c4 dxc4 4. e3 e6 5. Bxc4 a6 6. O-O c5 7. Bb3 Nc6 8. Nc3
Qc7 9. Qe2 Be7 10. dxc5 Bxc5 11. Bd2 O-O 12. Rac1 Bd6 13. Rfd1 Bd7 14. h3 Rfd8
15. e4 Be8 16. g3 h6 17. Be3 Qe7 18. Kg2 Nd7 19. a3 Rac8 20. Ba2 Bb8 21. Rd2
Nde5 22. Nxe5 Bxe5 23. Bb6 Rxd2 24. Qxd2 Qd6 25. Qxd6 Bxd6 26. f4 Nb8 27. Be3
Kf8 28. Kf2 Nd7 29. b4 a5 30. Nb5 Rxc1 31. Bxc1 Be7 32. bxa5 Nc5 33. Bc4 Nxe4+
34. Ke3 Nxg3 35. Kd3 Nf5 36. a4 Bc5 37. Nc3 Bb4 38. a6 bxa6 39. Bxa6 Bxc3 40.
Ba3+ Kg8 41. Kxc3 Bxa4 42. Bd3 Ng3 43. Kd4 Bc6 44. Ke3 Bd5 45. Be7 f5 46. Bh4
Nh5 47. Be2 Nf6 48. Bxf6 gxf6 49. h4 Kf7 50. Bh5+ Ke7 51. Be2 Kd6 52. Bh5 Kc5
53. Be2 Bg2 54. Bh5 Bh3 55. Bd1 Kc4 56. Ba4 Bg4 57. Bd7 e5 58. Be6+ Kc3 59. Bd7
1/2-1/2

[Event "Championnat de France - Accession"]
[Site "Aix-les-Bains"]
[Date "2007.??.??"]
[Round "1.14"]
[White "Demuth, Adrien"]
[Black "Vitoux, Colomban"]
[Result "0-1"]
[WhiteElo "2193"]
[BlackElo "2343"]
[PlyCount "162"]
[EventDate "2007.??.??"]

1. d4 Nf6 2. c4 g6 3. Nc3 d5 4. cxd5 Nxd5 5. e4 Nxc3 6. bxc3 c5 7. Nf3 Bg7 8.
Rb1 O-O 9. Be2 Nc6 10. d5 Ne5 11. Nxe5 Bxe5 12. Qd2 e6 13. f4 Bc7 14. O-O exd5
15. exd5 Ba5 16. Bb2 Qd6 17. Rbd1 Bd7 18. Qc2 c4 19. Kh1 Rac8 20. Qc1 Rfe8 21.
Bf3 Bf5 22. Ba3 Qf6 23. d6 Rcd8 24. Rd4 Bb6 25. Rdd1 Ba5 26. Bxb7 Bxc3 27. Ba6
Bd3 28. Rxd3 cxd3 29. Bxd3 Rb8 30. Qc2 Red8 31. h3 Bb2 32. Bc5 Bd4 33. Ba3 Bb2
34. Bc5 Bd4 35. Ba3 Rbc8 36. Qe2 Bc5 37. d7 Rxd7 38. Bxc5 Qd8 39. Bb5 Rd2 40.
Qc4 Rd5 41. Be7 Rxc4 42. Bxc4 Qxe7 43. Bxd5 Qe2 44. Kg1 Qe3+ 45. Rf2 Qe1+ 46.
Rf1 Qe3+ 47. Rf2 a5 48. Bb3 Qd4 49. a4 h5 50. Bc2 Qe3 51. Bd1 h4 52. Be2 Qd4
53. Bb5 Kg7 54. Bc6 f6 55. Bb5 Kh6 56. Bc6 g5 57. fxg5+ fxg5 58. Bb5 Kg6 59.
Be8+ Kg7 60. Bc6 Kh7 61. Be8 Kh6 62. Bb5 g4 63. hxg4 Kg5 64. Be2 Kg6 65. Bb5
Kh6 66. Be8 Kg5 67. Bh5 Qc5 68. Kf1 Qc4+ 69. Ke1 Qxa4 70. Rf5+ Kh6 71. Rf6+ Kg7
72. Rf7+ Kg8 73. Rf3 Qd4 74. Kf1 a4 75. g5 Qc4+ 76. Kf2 Kg7 77. Be8 Qc5+ 78.
Kf1 a3 79. Bf7 Qc1+ 80. Ke2 Qc2+ 81. Ke1 Qe4+ 0-1

[Event "Championnat de France - Accession"]
[Site "Aix-les-Bains"]
[Date "2007.??.??"]
[Round "1.15"]
[White "Fargere, Francois"]
[Black "Remille, Tristan"]
[Result "1-0"]
[WhiteElo "2339"]
[BlackElo "2182"]
[PlyCount "57"]
[EventDate "2007.??.??"]

1. e4 e5 2. Nf3 Nc6 3. Bb5 a6 4. Bxc6 dxc6 5. O-O f6 6. d4 exd4 7. Nxd4 c5 8.
Ne2 Qxd1 9. Rxd1 Bg4 10. f3 Bd7 11. Nbc3 Ne7 12. Be3 b6 13. Rd2 O-O-O 14. Rad1
Nc6 15. Nd5 Ne5 16. b3 h5 17. h3 b5 18. Ng3 Nf7 19. Bf4 Bd6 20. Bxd6 cxd6 21.
Nf5 Bxf5 22. Ne7+ Kc7 23. Nxf5 Rh7 24. Kf2 Rd7 25. Ne3 Kc6 26. Ra1 Rh8 27. a4
Rb8 28. axb5+ axb5 29. Nd5 1-0

[Event "Championnat de France - Accession"]
[Site "Aix-les-Bains"]
[Date "2007.??.??"]
[Round "1.25"]
[White "Bleunven, Andre"]
[Black "Garro, Pierre"]
[Result "1/2-1/2"]
[WhiteElo "2290"]
[BlackElo "2139"]
[PlyCount "45"]
[EventDate "2007.??.??"]

1. d4 c5 2. d5 f5 3. g3 g6 4. Bg2 Bg7 5. Nh3 Na6 6. O-O d6 7. Nf4 Nc7 8. Nd2
Nf6 9. e4 O-O 10. Re1 g5 11. Nh5 Nxh5 12. Qxh5 g4 13. Nc4 Ne8 14. Bh6 e5 15.
Bg5 Bf6 16. Bxf6 Qxf6 17. exf5 Bxf5 18. Re2 b5 19. Ne3 Ng7 20. Qh4 Qxh4 21.
gxh4 Bd7 22. Be4 Rf6 23. Rf1 1/2-1/2

[Event "Championnat de France - Accession"]
[Site "Aix-les-Bains"]
[Date "2007.??.??"]
[Round "1.35"]
[White "Moussard, Jules"]
[Black "Buscara, Sevan"]
[Result "1-0"]
[WhiteElo "2239"]
[BlackElo "2048"]
[PlyCount "87"]
[EventDate "2007.??.??"]

1. e4 d6 2. d4 Nf6 3. Nc3 Nbd7 4. Be3 e5 5. dxe5 dxe5 6. Nf3 Bb4 7. Bd3 O-O 8.
Qd2 c6 9. a3 Be7 10. h3 a5 11. O-O Qc7 12. Ne2 a4 13. Ng3 Nc5 14. Qc3 Nxd3 15.
cxd3 Re8 16. Nxe5 Bd6 17. Nc4 Bxg3 18. fxg3 Qxg3 19. Rf3 Qg6 20. Nb6 Ra6 21.
Nxc8 Rxc8 22. Raf1 Re8 23. Bd4 Nd7 24. Bxg7 Qxg7 25. Qxg7+ Kxg7 26. Rxf7+ Kg8
27. Rxd7 Rb6 28. Rff7 Rxb2 29. Rg7+ Kh8 30. Rxh7+ Kg8 31. Rdg7+ Kf8 32. Rxb7
Rxb7 33. Rxb7 Rd8 34. Rb4 Rxd3 35. Rxa4 c5 36. Rc4 Rxa3 37. Rxc5 Kf7 38. Rf5+
Ke6 39. Kf2 Ra2+ 40. Kf3 Ra3+ 41. Kf4 Ra2 42. g4 Rh2 43. Re5+ Kd6 44. Rh5 1-0

[Event "Championnat de France - Accession"]
[Site "Aix-les-Bains"]
[Date "2007.??.??"]
[Round "1.36"]
[White "Moucheroud, Jeremy"]
[Black "Mancini, Mario"]
[Result "1-0"]
[WhiteElo "1982"]
[BlackElo "2230"]
[PlyCount "81"]
[EventDate "2007.??.??"]

1. e4 c5 2. Nf3 d6 3. d4 cxd4 4. Nxd4 Nf6 5. Nc3 a6 6. Be3 e6 7. g4 b5 8. g5
Nfd7 9. Bg2 Bb7 10. h4 Be7 11. f4 Nb6 12. Qh5 g6 13. Qe2 Nc4 14. Bc1 e5 15. Nf3
exf4 16. b3 Ne3 17. Bxe3 fxe3 18. Qxe3 Nd7 19. O-O-O Qb6 20. Qd2 O-O 21. Nd5
Bxd5 22. Qxd5 Rac8 23. Kb1 Rc5 24. Qd2 Rfc8 25. Nd4 Ne5 26. Rhf1 Bf8 27. h5 Bg7
28. Bh3 Nc4 29. bxc4 bxc4+ 30. Ka1 c3 31. Qc1 Rb8 32. Nb3 Rxg5 33. Qxg5 Be5 34.
hxg6 hxg6 35. Rd5 Qb4 36. Rxe5 dxe5 37. Qxe5 a5 38. Qxa5 Qc4 39. Qd5 Qc7 40.
Rd1 Qh2 41. Qd6 1-0

[Event "Championnat de France - Accession"]
[Site "Aix-les-Bains"]
[Date "2007.??.??"]
[Round "2.2"]
[White "Collas, Didier"]
[Black "Fayard, Alain"]
[Result "1-0"]
[WhiteElo "2458"]
[BlackElo "2305"]
[PlyCount "81"]
[EventDate "2007.??.??"]

1. e4 c5 2. Nf3 d6 3. d4 cxd4 4. Nxd4 Nf6 5. Nc3 Nc6 6. Bg5 Bd7 7. Be2 Qa5 8.
Bxf6 gxf6 9. O-O Bg7 10. Bg4 Nxd4 11. Bxd7+ Kxd7 12. Qxd4 Rhg8 13. Qd3 Rac8 14.
Nd5 e6 15. Ne3 Bh6 16. f4 Qc5 17. Kh1 Qc6 18. Rf3 Ke7 19. a4 Bg7 20. a5 Rc7 21.
c3 a6 22. Rg3 Rcc8 23. Ra3 Bh6 24. Rf3 Qc5 25. b4 Qc7 26. c4 Rgd8 27. Qf1 Qc6
28. Rh3 Bf8 29. Qd3 h6 30. Rf3 Ke8 31. Ra1 Qd7 32. Rg3 Qc7 33. Rf3 Qd7 34. f5
Bg7 35. Raf1 h5 36. Rg3 Bh6 37. fxe6 fxe6 38. Rxf6 Bxe3 39. Qxe3 Rxc4 40. Rg8+
Ke7 41. Qg5 1-0

[Event "Championnat de France - Accession"]
[Site "Aix-les-Bains"]
[Date "2007.??.??"]
[Round "2.3"]
[White "Lerch, Patrice"]
[Black "Cossin, Sebastien"]
[Result "0-1"]
[WhiteElo "2301"]
[BlackElo "2433"]
[PlyCount "66"]
[EventDate "2007.??.??"]

1. e4 c5 2. Nc3 Nc6 3. g3 g6 4. Bg2 Bg7 5. d3 d6 6. Be3 Nf6 7. h3 O-O 8. Qd2
Rb8 9. f4 Ne8 10. Nf3 Nd4 11. Qf2 Nxf3+ 12. Bxf3 b5 13. d4 b4 14. Ne2 Qa5 15.
g4 Ba6 16. O-O cxd4 17. Bxd4 Bxd4 18. Qxd4 Qc7 19. b3 e5 20. Qd2 exf4 21. a3
bxa3 22. Kg2 Qc5 23. Rfd1 Bxe2 24. Bxe2 Nf6 25. Bc4 Qg5 26. Rxa3 h5 27. Ra5 f3+
28. Kxf3 hxg4+ 29. Kg2 Qh4 30. Rh1 Nxe4 31. Qe3 Rbe8 32. Rxa7 d5 33. Bd3 d4 0-1

[Event "Championnat de France - Accession"]
[Site "Aix-les-Bains"]
[Date "2007.??.??"]
[Round "2.4"]
[White "Van Elst, Andreas"]
[Black "Olivier, Jean-Christophe"]
[Result "0-1"]
[WhiteElo "2294"]
[BlackElo "2403"]
[PlyCount "76"]
[EventDate "2007.??.??"]

1. d4 Nf6 2. c4 e6 3. Nf3 d5 4. Nc3 Be7 5. Bf4 c5 6. dxc5 Na6 7. cxd5 exd5 8.
e3 Nxc5 9. Be2 O-O 10. O-O Be6 11. Nb5 a6 12. Nc7 Rc8 13. Nxe6 fxe6 14. Nd4 Qb6
15. Bg4 Nxg4 16. Qxg4 Bf6 17. b4 Nd3 18. Bg3 e5 19. Qf5 exd4 20. Qxd3 Qxb4 21.
Rad1 Qc4 22. exd4 Qxa2 23. Rb1 b5 24. Be5 Qc4 25. Qa3 Bxe5 26. dxe5 Qc6 27. Ra1
Rfe8 28. Rfc1 Qe6 29. f4 Qb6+ 30. Kh1 Rc4 31. Rxc4 dxc4 32. h3 b4 33. Qa4 Qb5
34. Qd1 b3 35. Qd4 a5 36. Rc1 a4 37. Qd6 b2 38. Rb1 c3 0-1

[Event "Championnat de France - Accession"]
[Site "Aix-les-Bains"]
[Date "????.??.??"]
[Round "2.5"]
[White "Shirazi, Kamran"]
[Black "Le Goff, Damien"]
[Result "1-0"]
[WhiteElo "2401"]
[BlackElo "2281"]
[PlyCount "172"]

1. Nf3 Nf6 2. g3 g6 3. d3 Bg7 4. e4 O-O 5. Bg2 d6 6. e5 Nfd7 7. exd6 exd6 8.
O-O Ne5 9. h3 c6 10. Ne1 f5 11. d4 Ned7 12. d5 Nf6 13. dxc6 bxc6 14. Nd3 d5 15.
Bg5 Na6 16. Qc1 Be6 17. Re1 Qc8 18. Bh6 Ne4 19. Bxg7 Kxg7 20. Nd2 Re8 21. h4 h6
22. b3 Qd8 23. Qa3 Nc7 24. Nf3 Nb5 25. Qb2+ Qf6 26. Nfe5 Rac8 27. c4 Nbd6 28.
cxd5 Bxd5 29. Rac1 Nf7 30. Nxf7 Qxb2 31. Nxb2 Kxf7 32. Nc4 Re6 33. h5 Rce8 34.
Bxe4 Bxe4 35. hxg6+ Kxg6 36. f4 Rd8 37. Kf2 Kf6 38. Red1 Rxd1 39. Rxd1 Bd5 40.
Ne5 Ke7 41. Ke3 Kd6 42. Rd2 h5 43. Kd4 Re7 44. Rh2 Rg7 45. Rxh5 c5+ 46. Kc3
Rxg3+ 47. Kb2 Rg2+ 48. Ka3 Be6 49. Rh6 Re2 50. Nf7+ Kc7 51. Rh7 Kb6 52. Ne5 Bd5
53. Rd7 Be4 54. Nc4+ Kc6 55. Rd6+ Kb7 56. Re6 Kc7 57. Re7+ Kc6 58. Rxa7 Bb1 59.
Nb2 Rf2 60. Ra4 Be4 61. Rc4 Bd5 62. Nd3 Bxc4 63. Nxf2 Bb5 64. Kb2 Kd5 65. Kc3
Ba6 66. Nd3 Bb5 67. a3 Ke4 68. Nxc5+ Kxf4 69. a4 Bc6 70. Kd4 Kg3 71. b4 f4 72.
b5 Ba8 73. a5 f3 74. Nb3 f2 75. Nd2 Bb7 76. a6 Bc8 77. Ke5 Kg4 78. Kd6 Kf4 79.
Kc7 Bh3 80. a7 Ke3 81. Nc4+ Kd4 82. Nd2 Kc3 83. a8=Q Kxd2 84. Qa2+ Ke1 85. Qb1+
Ke2 86. Qc2+ Kf1 1-0

[Event "Championnat de France - Accession"]
[Site "Aix-les-Bains"]
[Date "2007.??.??"]
[Round "2.6"]
[White "Schabanel, Stephane"]
[Black "Rainfray, Arnaud"]
[Result "0-1"]
[WhiteElo "2280"]
[BlackElo "2393"]
[PlyCount "66"]
[EventDate "2007.??.??"]

1. e4 e5 2. Nf3 Nc6 3. Bb5 a6 4. Ba4 Nf6 5. O-O Nxe4 6. d4 b5 7. Bb3 d5 8. dxe5
Be6 9. Nbd2 Nc5 10. c3 Bg4 11. Re1 Qd7 12. Bc2 Rd8 13. Nf1 Ne6 14. Ng3 Bc5 15.
h3 Bxf3 16. Qxf3 d4 17. Be4 Nxe5 18. Qh5 dxc3 19. Qxe5 Bd4 20. Qh5 cxb2 21.
Bxb2 Bxb2 22. Rad1 Bd4 23. Bf5 g6 24. Bxe6 fxe6 25. Qh6 Qf7 26. Ne4 Qg7 27.
Qxg7 Bxg7 28. Rxd8+ Kxd8 29. Nc5 Re8 30. Nxe6+ Kc8 31. Kf1 Bc3 32. Re3 Bb4 33.
Rb3 c5 0-1

[Event "Championnat de France - Accession"]
[Site "Aix-les-Bains"]
[Date "2007.??.??"]
[Round "2.7"]
[White "Letreguilly, Olivier"]
[Black "Alanic, Xavier"]
[Result "0-1"]
[WhiteElo "2360"]
[BlackElo "2251"]
[PlyCount "98"]
[EventDate "2007.??.??"]

1. Nf3 g6 2. e4 Bg7 3. d4 c6 4. c4 d5 5. e5 Bg4 6. Nbd2 e6 7. Be2 Ne7 8. O-O
O-O 9. b3 Nd7 10. Ba3 f6 11. cxd5 cxd5 12. exf6 Bxf6 13. h3 Bxf3 14. Nxf3 Qa5
15. Bxe7 Bxe7 16. Qd3 Rac8 17. Qe3 Qb6 18. a4 a6 19. a5 Qd6 20. b4 Rf4 21. b5
Re4 22. Qd2 Rf8 23. bxa6 bxa6 24. Rab1 Bd8 25. Rb7 Bc7 26. Rxc7 Qxc7 27. Ng5
Nf6 28. Bf3 Qd6 29. Nxe4 dxe4 30. Be2 Rd8 31. Qg5 Kg7 32. Rb1 Rd7 33. Rb6 Qxd4
34. Rxa6 h6 35. Qc1 Nd5 36. Qe1 Nf4 37. Bf1 Kf7 38. Rc6 Nd3 39. Qe3 Qxe3 40.
fxe3 Rd5 41. a6 Ra5 42. Rc7+ Kf6 43. a7 Ra1 44. Kh2 h5 45. Kg3 g5 46. h4 g4 47.
Rh7 Kg6 48. Rb7 Ra2 49. Be2 Rxe2 0-1

[Event "Championnat de France - Accession"]
[Site "Aix-les-Bains"]
[Date "2007.??.??"]
[Round "2.8"]
[White "Daurelle, Herve"]
[Black "Bedouin, Xavier"]
[Result "0-1"]
[WhiteElo "2249"]
[BlackElo "2357"]
[PlyCount "100"]
[EventDate "2007.??.??"]

1. e4 c5 2. Nf3 Nc6 3. d4 cxd4 4. Nxd4 Nf6 5. Nc3 e5 6. Ndb5 d6 7. Bg5 a6 8.
Na3 b5 9. Bxf6 gxf6 10. Nd5 f5 11. c3 Bg7 12. exf5 Bxf5 13. Nc2 O-O 14. Nce3
Bd7 15. Bd3 f5 16. Qh5 e4 17. Bc2 b4 18. O-O bxc3 19. bxc3 Ne7 20. Rad1 Rc8 21.
f3 Nxd5 22. Nxd5 Bb5 23. Rf2 Qe8 24. Qxe8 Rfxe8 25. fxe4 fxe4 26. Nf6+ Bxf6 27.
Rxf6 Rxc3 28. Bb3+ Kh8 29. Rfxd6 e3 30. Rd8 Rxd8 31. Rxd8+ Kg7 32. Rd1 Kf6 33.
h3 Ke5 34. Bg8 Bd3 35. Re1 Kd4 36. g4 Rc8 37. Be6 Rf8 38. Bf5 Bxf5 39. gxf5
Rxf5 40. Rd1+ Kc3 41. a4 e2 42. Ra1 Rf1+ 43. Rxf1 exf1=Q+ 44. Kxf1 Kb4 45. Ke2
Kxa4 46. Kd2 Kb3 47. Kc1 Kc3 48. Kb1 h5 49. Ka2 h4 50. Ka3 Kd3 0-1

[Event "Championnat de France - Accession"]
[Site "Aix-les-Bains"]
[Date "2007.??.??"]
[Round "2.9"]
[White "Chomet, Pascal"]
[Black "Moussard, Jules"]
[Result "1/2-1/2"]
[WhiteElo "2353"]
[BlackElo "2239"]
[PlyCount "92"]
[EventDate "2007.??.??"]

1. e4 c5 2. Nf3 d6 3. d4 cxd4 4. Nxd4 Nf6 5. Nc3 a6 6. f4 g6 7. Be2 Bg7 8. O-O
O-O 9. Kh1 Nc6 10. Nb3 Be6 11. Bf3 Qc7 12. Nd5 Bxd5 13. exd5 Na5 14. Re1 Nc4
15. c3 Rfe8 16. a4 e5 17. dxe6 Rxe6 18. Rxe6 fxe6 19. Nd2 d5 20. Nxc4 Qxc4 21.
Qe2 Qxe2 22. Bxe2 Ne4 23. Be3 Rc8 24. g3 Nd6 25. Ra3 Nc4 26. Bxc4 dxc4 27. a5
Kf7 28. Kg2 Ke7 29. Kf3 Kd6 30. Ke4 e5 31. Ra1 exf4 32. Bxf4+ Kc6 33. Ra4 Re8+
34. Kf3 Kd5 35. Ra1 Re7 36. h4 Kc5 37. h5 Kb5 38. hxg6 hxg6 39. Be3 Be5 40. Bb6
Bc7 41. Bxc7 Rxc7 42. Kg4 Rd7 43. Kg5 Rd2 44. Ra2 Rd6 45. g4 b6 46. axb6 Rxb6
1/2-1/2